Visualizzazione normale
Vista MARC
- Salinas Horacio
di Personal Name
Records bibliografici associati: 1
001 - CONTROL NUMBER
- control field: 32152
003 - CONTROL NUMBER IDENTIFIER
- control field: IT-RoPau
005 - DATE AND TIME OF LATEST TRANSACTION
- control field: 20140627093850.0
008 - FIXED-LENGTH DATA ELEMENTS
- fixed length control field: 140627|| aca||aabn | a|a d
040 ## - CATALOGING SOURCE
- Original cataloging agency: IT-RoPau
- Transcribing agency: IT-RoPau
100 ## - HEADING--PERSONAL NAME
- Personal name: Salinas Horacio
670 ## - SOURCE DATA FOUND
- Source citation: Work cat.: (IT-RoPau)102064: Salinas Horacio, En vivo en el monumental, 1998 [1a Ed.:1997 - Ed. Lingua Orig.: 1998]